000 00389nam a2200157Ia 4500
008 230711s9999||||xx |||||||||||||| ||und||
020 _a81-291-0702-3
041 _aENG
082 _a800
_bSH-W
100 _aShourie,Arun
245 0 _aWill the iron fence save a tree hollowed by termites ?
260 _c2005
_aNew Delhi
_bRupa.Co
300 _a487
650 _aLiterature
942 _cBK
999 _c5211
_d5211